000
00309nam a2200109 4500
999
_c
14331
_d
14331
008
190912b ||||| |||| 00| 0 eng d
245
_a
DDC: where topnotchers come from.
260
_a
Davao City:
_b
Sun Star Davao;
_c
c2019.
300
_a
page S3.
650
0
_9
39531
_a
Licensure- Examinations.
942
_2
ddc
_c
PER